[Event "American Continental-ch 2018"]
[Site "Montevideo"]
[Date "2018.06.10"]
[Round "11"]
[White "Muniz, Rafael"]
[Black "Roselli Mailhe, Bernardo"]
[Result "0-1"]
[WhiteElo "2290"]
[BlackElo "2433"]
[Annotator "TA"]
[PlyCount "86"]
[EventDate "2018.??.??"]
[EventType "swiss"]
[EventCountry "URU"]
[SourceTitle "playchess.com"]
[Source "ChessBase"]
[SourceQuality "1"]

{[%evp 9,86,69,74,74,82,78,163,156,159,91,112,123,149,106,132,132,134,136,133,134,143,143,137,69,87,66,85,80,74,56,163,178,168,167,154,128,152,145,158,145,160,123,143,136,127,60,63,50,116,81,97,118,117,75,57,0,2,-8,46,23,89,52,64,2,8,10,15,8,9,0,0,0,17,-18,0,-271,-268,-438,-414]} 1. e4 g6 2. d4 Bg7 3. Nc3 d6 4. f4 c6 5. Nf3 d5 (5... b5 6. Bd3 Qb6 7. e5 Nh6 8. Ne4 O-O 9. O-O Bg4 10. c3 dxe5 11. fxe5 Nd7 12. Nf2 Be6 13. Ng5 Bd5 14. Be4 Bxe4 15. Ngxe4 {1-0 (32) Anand,V (2782)-Fedoseev,V (2718) Riadh 2017}) 6. e5 {B06: Modern Defence} b5 7. Bd3 Na6 $146 (7... e6 $16 {was necessary.}) ({Predecessor:} 7... e6 8. Be3 Nd7 9. a4 b4 10. Nb1 a5 11. Qe2 Qb6 12. c4 bxc3 13. bxc3 Ba6 {0-1 (34) Ravic,N (2316)-Stosic,S (2138) Grocka 2015}) 8. a4 $18 {White is clearly better.} b4 9. Ne2 (9. Na2 $142 $1) 9... Nc7 10. O-O h5 11. Nh4 Nh6 12. f5 Nxf5 13. Nxf5 Bxf5 14. Bxf5 gxf5 15. Rxf5 Qd7 16. Rf3 (16. Qd3 $16) 16... Ne6 17. Ng3 c5 18. c3 cxd4 19. cxd4 Bh6 (19... f6 $1 $14) 20. Bxh6 Rxh6 21. Qd2 Rg6 22. Qxb4 Rg4 23. Raf1 Rxd4 24. Qb3 $1 h4 25. Nh5 Rc4 26. Rxf7 O-O-O 27. a5 (27. Qa3 $16) 27... Qc6 $14 28. a6 Nd4 ({Better is} 28... Re8 $14) 29. Qe3 {Threatens to win with b3.} Qc5 30. Kh1 Nc6 31. Qb3 {[%csl Ga6][%cal Rb3b7]} Qb6 32. Qh3+ ({White should play} 32. Qa3 $14) 32... Kb8 $11 33. Qe6 Rc2 (33... Qxa6 $11 34. Rxe7 Rc2) 34. Rf8 $14 Rxb2 (34... Qb5 $11 {remains equal.}) 35. Rxd8+ Nxd8 36. Qxd5 (36. Qxe7 $14 Rb1 37. Qf6) 36... Rb1 $40 {[%cal Rb1f1][%mdl 128] Black is up to no good.} 37. Qd3 Rxf1+ 38. Qxf1 Qe3 39. Nf4 Qxe5 40. Qd1 {[%cal Rd1d8]} Kc8 41. Nd5 Nc6 {Hoping for ...e6.} 42. Qg4+ $2 {[%mdl 8192]} (42. g3 $1 $11) 42... e6 $19 {[%cal Re5e1]} 43. Qg8+ $2 {[#]} (43. h3 {only move.} Qxd5 44. Qxh4) 43... Kd7 $1 {Precision: White = 51%, Black = 44%.} ({Avoid the trap} 43... Nd8 $2 44. Ne7+ Kc7 {[#]} 45. Qxd8+ $1 {[%mdl 512]} Kxd8 46. Nc6+ Kc8 47. Nxe5 $18) 0-1

[Event "American Continental-ch 2018"]
[Site "Montevideo"]
[Date "2018.06.10"]
[Round "11"]
[White "Colas, Joshua"]
[Black "Perez Ponsa, Federico"]
[Result "1/2-1/2"]
[WhiteElo "2285"]
[BlackElo "2556"]
[Annotator "TA"]
[PlyCount "78"]
[EventDate "2018.??.??"]
[EventType "swiss"]
[EventCountry "URU"]
[SourceTitle "playchess.com"]
[Source "ChessBase"]
[SourceQuality "1"]

{[%evp 27,78,0,0,0,0,0,0,-2,0,0,0,0,7,0,0,0,7,5,18,2,14,12,12,14,14,20,24,-7,-7,-14,-7,-20,-11,-17,-17,-17,-17,-25,0,0,0,0,0,0,0,0,0,0,0,0,0,0,0]} 1. Nf3 Nf6 2. c4 g6 3. g3 Bg7 4. Bg2 O-O 5. d4 d5 6. O-O Nc6 7. cxd5 Nxd5 8. e3 Nb6 9. Nc3 Re8 10. b3 e5 11. dxe5 Nxe5 12. Nxe5 Bxe5 13. Bb2 {D76: Fianchetto Grünfeld: Main Line with 7...Nb6} c6 (13... Qe7 14. Qc2 c6 15. Rad1 Bg4 16. f3 Be6 17. f4 Bg7 18. e4 Rad8 19. e5 Bg4 20. Bf3 Rxd1 21. Qxd1 {0-1 (59) Giri,A (2784)-Vachier Lagrave,M (2773) London 2015}) 14. Qxd8 Rxd8 {LiveBook: 5 Games} 15. Rfd1 Bg4 16. f3 Be6 17. f4 Bg7 18. Rxd8+ Rxd8 19. Rd1 Ra8 $146 ({Predecessor:} 19... Rxd1+ 20. Nxd1 Bxb2 21. Nxb2 {0-1 (46) Martinez Zuluaica,J (2219)-Gallego Alcaraz,A (2387) Quibdo 2015}) 20. Rd2 f5 21. e4 a5 22. exf5 gxf5 23. Re2 Kf7 24. Bf3 Bd4+ 25. Kg2 Bxc3 26. Bxc3 Nd5 27. Bxd5 (27. Bh5+ {feels hotter.} Ke7 28. Bd4 a4 29. Bc5+ Kd7 30. Rd2) 27... Bxd5+ $11 {[%mdl 4096] Endgame KRB-KRB} 28. Kf2 a4 29. Bb4 Be6 30. bxa4 Rxa4 31. a3 b6 32. Bd6 c5 33. Rb2 {The position is equal.} Rxa3 34. Rxb6 Ra2+ 35. Ke3 Rxh2 36. Bxc5 Rg2 37. Rb7+ Kg6 38. Rb6 Kf7 39. Rb7+ Kg6 {Precision: White = 73%, Black = 65%.} 1/2-1/2

[Event "American Continental-ch 2018"]
[Site "Montevideo"]
[Date "2018.06.10"]
[Round "11"]
[White "Jodorcovsky Werjivker, Paulo"]
[Black "Soto Vega, Jorge"]
[Result "0-1"]
[WhiteElo "2249"]
[BlackElo "2357"]
[Annotator "NA"]
[PlyCount "106"]
[EventDate "2018.??.??"]
[EventType "swiss"]
[EventCountry "URU"]
[SourceTitle "playchess.com"]
[Source "ChessBase"]
[SourceQuality "1"]
[TimeControl "40/5400+30:1800+30"]

1. d4 Nf6 {[%emt 0:02:45]} 2. c4 {[%emt 0:01:54]} g6 {[%emt 0:00:04]} 3. Nc3 {[%emt 0:00:04]} Bg7 {[%emt 0:00:09]} 4. e4 {[%emt 0:00:11]} d6 {[%emt 0:00:09]} 5. Nf3 {[%emt 0:00:09]} O-O {[%emt 0:00:17]} 6. Be2 {[%emt 0:00:05]} e5 {[%emt 0:00:30]} 7. dxe5 {[%emt 0:00:14]} dxe5 {[%emt 0:00:12]} 8. Qxd8 {[%emt 0:00:04]} Rxd8 {[%emt 0:00:10]} 9. Bg5 {[%emt 0:00:05]} c6 {[%emt 0:08:22]} 10. Nxe5 {[%emt 0:03:11]} Re8 {[%emt 0:01:01]} 11. f4 {[%emt 0:01:13]} h6 {[%emt 0:02:31]} 12. Bh4 {[%emt 0:02:07]} Nh7 {[%emt 0:00:54]} 13. O-O-O {[%emt 0:28:35]} Bxe5 {[%emt 0:05:47]} 14. fxe5 {[%emt 0:00:06]} Nd7 {[%emt 0:00:07]} 15. e6 {[%emt 0:01:32]} fxe6 {[%emt 0:00:36]} 16. Bg3 {[%emt 0:00:56]} e5 {[%emt 0:00:24]} 17. Rd6 {[%emt 0:00:43]} Nhf6 {[%emt 0:03:54]} 18. Rf1 {[%emt 0:04:57]} Kg7 {[%emt 0:00:45]} 19. b4 {[%emt 0:07:05]} Re7 {[%emt 0:15:15]} 20. Kb2 {[%emt 0:03:46]} Ne8 {[%emt 0:04:09]} 21. Rd2 {[%emt 0:00:14]} Ndf6 {[%emt 0:03:39]} 22. c5 {[%emt 0:03:07]} Bg4 {[%emt 0:02:03]} 23. Bc4 {[%emt 0:06:50]} Nh5 {[%emt 0:08:42]} 24. Bf2 {[%emt 0:05:23]} Nf4 {[%emt 0:04:12]} 25. Be3 {[%emt 0:01:55]} Be6 {[%emt 0:01:21]} 26. Bxe6 {[%emt 0:00:19]} Nxe6 {[%emt 0:00:09]} 27. Rfd1 {[%emt 0:02:15]} Nf6 {[%emt 0:01:22]} 28. h3 {[%emt 0:00:57]} a5 {[%emt 0:10:36]} 29. a3 {[%emt 0:00:27]} axb4 {[%emt 0:01:03]} 30. axb4 {[%emt 0:00:05]} Nh5 {[%emt 0:00:28]} 31. Rd7 {[%emt 0:02:37]} Rae8 {[%emt 0:00:11]} 32. R1d6 {[%emt 0:01:31]} Nef4 {[%emt 0:01:37]} 33. Rd2 {[%emt 0:01:05]} Nf6 {[%emt 0:00:13]} 34. R7d6 {[%emt 0:00:31]} h5 {[%emt 0:01:19]} 35. Rf2 {[%emt 0:04:36]} Ne6 {[%emt 0:02:50]} 36. b5 {[%emt 0:04:31]} Rd7 {[%emt 0:05:30]} 37. Bg5 {[%emt 0:03:00]} Nxg5 {[%emt 0:01:55]} 38. Rfxf6 {[%emt 0:00:18]} Rxd6 {[%emt 0:01:11]} 39. Rxd6 {[%emt 0:00:06]} Nf7 {[%emt 0:04:26]} 40. Rd7 {[%emt 0:00:26]} Rb8 {[%emt 0:30:11]} 41. b6 {[%emt 0:42:29]} Kf6 {[%emt 0:01:01]} 42. Kb3 {[%emt 0:00:13]} Ng5 {[%emt 0:04:05]} 43. Rd6+ {[%emt 0:00:00]} Kf7 {[%emt 0:00:00]} 44. Rd7+ {[%emt 0:00:00]} Kf8 {[%emt 0:00:00]} 45. h4 {[%emt 0:00:00]} Ne6 {[%emt 0:00:00]} 46. Kb4 {[%emt 0:00:00]} Rd8 {[%emt 0:00:00]} 47. Rxb7 {[%emt 0:00:00]} Rd4+ {[%emt 0:00:00]} 48. Ka3 {[%emt 0:00:00]} Nxc5 {[%emt 0:00:00]} 49. Rb8+ {[%emt 0:00:00]} Ke7 {[%emt 0:00:00]} 50. b7 {[%emt 0:00:00]} Rd7 {[%emt 0:00:00]} 51. Re8+ {[%emt 0:00:00]} Kxe8 {[%emt 0:00:00]} 52. b8=Q+ {[%emt 0:00:00]} Kf7 {[%emt 0:00:00]} 53. Qxe5 {[%emt 0:00:00]} Ra7+ {[%emt 0:00:00]} 0-1

[Event "American Continental-ch 2018"]
[Site "Montevideo"]
[Date "2018.06.10"]
[Round "11"]
[White "Benoit, Rodrigo"]
[Black "De Dovitiis, Alejo"]
[Result "0-1"]
[WhiteElo "2238"]
[BlackElo "2343"]
[Annotator "NA"]
[PlyCount "130"]
[EventDate "2018.??.??"]
[EventType "swiss"]
[EventCountry "URU"]
[SourceTitle "playchess.com"]
[Source "ChessBase"]
[SourceQuality "1"]
[TimeControl "40/5400+30:1800+30"]

1. d4 {[%emt 0:00:00]} Nf6 {[%emt 0:00:51]} 2. Nf3 {[%emt 0:00:00]} d6 {[%emt 0:00:33]} 3. Nc3 {[%emt 0:00:26]} g6 {[%emt 0:00:43]} 4. e4 {[%emt 0:00:17]} Bg7 {[%emt 0:00:05]} 5. Be2 {[%emt 0:00:34]} O-O {[%emt 0:01:39]} 6. O-O {[%emt 0:00:11]} c5 {[%emt 0:00:09]} 7. h3 {[%emt 0:02:01]} cxd4 {[%emt 0:02:21]} 8. Nxd4 {[%emt 0:00:09]} Nc6 {[%emt 0:00:03]} 9. Be3 {[%emt 0:00:22]} Bd7 {[%emt 0:00:04]} 10. Nb3 {[%emt 0:01:01]} a5 {[%emt 0:01:28]} 11. a3 {[%emt 0:01:11]} a4 {[%emt 0:00:53]} 12. Nd2 {[%emt 0:00:31]} Be6 {[%emt 0:02:00]} 13. Nc4 {[%emt 0:01:33]} Bxc4 {[%emt 0:06:00]} 14. Bxc4 {[%emt 0:00:03]} e6 {[%emt 0:00:05]} 15. f3 {[%emt 0:08:29]} Ra5 {[%emt 0:04:54]} 16. Bf2 {[%emt 0:04:06]} d5 {[%emt 0:01:40]} 17. exd5 {[%emt 0:00:18]} Nxd5 {[%emt 0:10:06]} 18. Bxd5 {[%emt 0:09:02]} exd5 {[%emt 0:01:50]} 19. Re1 {[%emt 0:00:50]} d4 {[%emt 0:09:37]} 20. Na2 {[%emt 0:01:19]} Rb5 {[%emt 0:15:07]} 21. Rb1 {[%emt 0:00:09]} Qb6 {[%emt 0:00:13]} 22. b3 {[%emt 0:01:12]} axb3 {[%emt 0:00:45]} 23. cxb3 {[%emt 0:00:13]} Qa6 {[%emt 0:01:31]} 24. a4 {[%emt 0:00:20]} Rf5 {[%emt 0:02:16]} 25. Nc1 {[%emt 0:02:10]} Nb4 {[%emt 0:01:57]} 26. Qd2 {[%emt 0:01:10]} Qd6 {[%emt 0:00:43]} 27. Re4 {[%emt 0:02:01]} Rc8 {[%emt 0:08:42]} 28. Nd3 {[%emt 0:03:27]} Nxd3 {[%emt 0:03:23]} 29. Qxd3 {[%emt 0:00:02]} h5 {[%emt 0:00:07]} 30. Rd1 {[%emt 0:02:26]} Rd5 {[%emt 0:01:05]} 31. Be1 {[%emt 0:03:03]} Qb6 {[%emt 0:04:27]} 32. Kh1 {[%emt 0:00:58]} Bf6 {[%emt 0:00:46]} 33. Bd2 {[%emt 0:04:39]} Kg7 {[%emt 0:00:53]} 34. Rc1 {[%emt 0:11:53]} Rdc5 {[%emt 0:01:23]} 35. Ree1 {[%emt 0:01:34]} h4 {[%emt 0:01:21]} 36. Rxc5 {[%emt 0:00:45]} Qxc5 {[%emt 0:00:16]} 37. Qf1 {[%emt 0:11:22]} Qa3 {[%emt 0:03:14]} 38. Qb5 {[%emt 0:00:20]} Qb2 {[%emt 0:01:44]} 39. Bf4 {[%emt 0:01:20]} Qc3 {[%emt 0:08:41]} 40. Rd1 {[%emt 0:05:05]} Qc2 {[%emt 0:32:14]} 41. Qd3 {[%emt 0:30:18]} g5 {[%emt 0:04:39]} 42. Qxc2 {[%emt 0:04:23]} Rxc2 {[%emt 0:00:13]} 43. Bd2 {[%emt 0:04:12]} Kg6 {[%emt 0:00:00]} 44. Kg1 {[%emt 0:00:00]} Kf5 {[%emt 0:00:00]} 45. Kf1 {[%emt 0:00:00]} Rb2 {[%emt 0:00:00]} 46. b4 {[%emt 0:00:00]} Be5 {[%emt 0:00:00]} 47. b5 {[%emt 0:00:00]} f6 {[%emt 0:00:00]} 48. Ke2 {[%emt 0:00:00]} Ra2 {[%emt 0:00:00]} 49. a5 {[%emt 0:00:00]} Bf4 {[%emt 0:00:00]} 50. a6 {[%emt 0:00:00]} bxa6 {[%emt 0:00:00]} 51. bxa6 {[%emt 0:00:00]} Be5 {[%emt 0:00:00]} 52. Rb1 {[%emt 0:00:00]} Rxa6 {[%emt 0:00:00]} 53. Kd3 {[%emt 0:00:00]} Ra3+ {[%emt 0:00:00]} 54. Kc4 {[%emt 0:00:00]} Ra2 {[%emt 0:00:00]} 55. Kd3 {[%emt 0:00:00]} Ke6 {[%emt 0:00:00]} 56. Rd1 {[%emt 0:00:00]} Kd5 {[%emt 0:00:00]} 57. Rb1 {[%emt 0:00:00]} Ra3+ {[%emt 0:00:00]} 58. Ke2 {[%emt 0:00:00]} d3+ {[%emt 0:00:00]} 59. Kd1 {[%emt 0:00:00]} Bd6 {[%emt 0:00:10]} 60. Rc1 {[%emt 0:00:00]} Kd4 {[%emt 0:01:20]} 61. Rb1 {[%emt 0:00:00]} Ra2 {[%emt 0:00:30]} 62. Ke1 {[%emt 0:00:00]} Bf4 {[%emt 0:01:15]} 63. Bxf4 {[%emt 0:00:00]} gxf4 {[%emt 0:00:12]} 64. Rb8 {[%emt 0:00:00]} Rxg2 {[%emt 0:00:24]} 65. Rd8+ {[%emt 0:00:00]} Ke3 0-1

[Event "American Continental-ch 2018"]
[Site "Montevideo"]
[Date "2018.06.10"]
[Round "11"]
[White "Donoso Diaz, Sebastian"]
[Black "Pierrot, Facundo"]
[Result "0-1"]
[WhiteElo "2184"]
[BlackElo "2392"]
[Annotator "NA"]
[PlyCount "71"]
[EventDate "2018.??.??"]
[EventType "swiss"]
[EventCountry "URU"]
[SourceTitle "playchess.com"]
[Source "ChessBase"]
[SourceQuality "1"]
[TimeControl "40/5400+30:1800+30"]

1. d4 {[%emt 0:00:00]} Nf6 {[%emt 0:00:15]} 2. c4 {[%emt 0:00:08]} g6 {[%emt 0:00:26]} 3. Nc3 {[%emt 0:00:10]} d5 {[%emt 0:00:06]} 4. cxd5 {[%emt 0:00:08]} Nxd5 {[%emt 0:00:05]} 5. Bd2 {[%emt 0:00:56]} Bg7 {[%emt 0:00:32]} 6. Nf3 {[%emt 0:01:07]} c5 {[%emt 0:02:35]} 7. Nxd5 {[%emt 0:06:11]} Qxd5 {[%emt 0:00:09]} 8. Rc1 {[%emt 0:01:31]} O-O {[%emt 0:05:12]} 9. Rxc5 {[%emt 0:06:52]} Qxa2 {[%emt 0:00:08]} 10. Qc2 {[%emt 0:11:19]} Qa1+ {[%emt 0:04:49]} 11. Qc1 {[%emt 0:04:51]} Qxc1+ {[%emt 0:00:08]} 12. Rxc1 {[%emt 0:00:06]} Nc6 {[%emt 0:02:04]} 13. e3 {[%emt 0:01:41]} Rd8 {[%emt 0:09:36]} 14. b4 {[%emt 0:02:27]} a6 {[%emt 0:01:33]} 15. Bc4 {[%emt 0:01:55]} Bd7 {[%emt 0:02:12]} 16. Ke2 {[%emt 0:13:29]} Rac8 {[%emt 0:00:36]} 17. Ng5 {[%emt 0:00:58]} Nxd4+ {[%emt 0:04:37]} 18. Ke1 {[%emt 0:07:16]} Ne6 {[%emt 0:05:09]} 19. Nxe6 {[%emt 0:00:47]} Bxe6 {[%emt 0:00:13]} 20. Bxe6 {[%emt 0:06:50]} Rxc1+ {[%emt 0:00:19]} 21. Bxc1 {[%emt 0:00:04]} Bc3+ {[%emt 0:00:10]} 22. Ke2 {[%emt 0:00:19]} fxe6 {[%emt 0:00:05]} 23. b5 {[%emt 0:02:13]} axb5 {[%emt 0:01:26]} 24. Rd1 {[%emt 0:02:38]} Rd6 {[%emt 0:03:28]} 25. e4 {[%emt 0:03:25]} b4 {[%emt 0:00:13]} 26. Rd3 {[%emt 0:00:32]} e5 {[%emt 0:03:37]} 27. g4 {[%emt 0:08:00]} Kf7 {[%emt 0:05:38]} 28. g5 {[%emt 0:02:29]} Rd4 {[%emt 0:02:39]} 29. f3 {[%emt 0:01:40]} Ke6 {[%emt 0:00:28]} 30. Be3 {[%emt 0:00:29]} Rc4 {[%emt 0:01:42]} 31. Rd5 {[%emt 0:01:55]} b3 {[%emt 0:03:22]} 32. Rb5 {[%emt 0:00:29]} Rb4 {[%emt 0:01:14]} 33. Rxb4 {[%emt 0:00:33]} Bxb4 {[%emt 0:00:06]} 34. Kd3 {[%emt 0:00:45]} b2 {[%emt 0:02:12]} 35. Kc2 {[%emt 0:00:16]} Bc3 {[%emt 0:00:05]} 36. Bc5 {[%emt 0:04:00]} 0-1